00801nam a22001697a 4500003000500000005001700005008004100022020003100063040002300094082001600117100002300133245014700156260004800303300004900351504020700400700002400607322820240912150219.0240820b sa ||||| |||| 00| 0 eng d a 9780636 070646cPaperback aRDAbEnglishc3228 aST 570 RITC aRitchie, Elizabeth aFocus on life sciences:bGrade 12, Exam practice bookc Ritchie Elizabeth, Ogunbajo P, Krüger Bennie, Morison Wendy, Willatt-Bate Claudine aCape Town :bMaskew Miller Longman, c2007. a96 pagesbcolour illustrations: maps c24 cm a"Nasionale curriculum"--Cover. Also available in Afrikaans under title: Verken lewenswetenskappe. Graad 12, Eksamenhersieningsboek. To be used with: Focus on life sciences. Grade 12, [Learner's book]. aAntoine, Antoinette